Pre-marital counselling : (Record no. 475)
[ view plain ]
| 000 -LEADER | |
|---|---|
| fixed length control field | 00648cam a22002052 4500 |
| 001 - CONTROL NUMBER | |
| control field | 0000003176 |
| 005 - DATE AND TIME OF LATEST TRANSACTION | |
| control field | 20151021151100.0 |
| 008 - FIXED-LENGTH DATA ELEMENTS--GENERAL INFORMATION | |
| fixed length control field | 070430s xx 000 0 eng d |
| 020 ## - INTERNATIONAL STANDARD BOOK NUMBER | |
| International Standard Book Number | 9966981500 : |
| Terms of availability | KES 300 |
| 040 ## - CATALOGING SOURCE | |
| Original cataloging agency | KABU |
| Transcribing agency | KABU |
| 050 #0 - LIBRARY OF CONGRESS CALL NUMBER | |
| Classification number | HQ10 |
| Item number | .G53 2003 |
| 100 1# - MAIN ENTRY--PERSONAL NAME | |
| Personal name | Gichinga, Emmy M. |
| -- | 0000148085 |
| 245 10 - TITLE STATEMENT | |
| Title | Pre-marital counselling : |
| Remainder of title | a counselling guide / |
| Statement of responsibility, etc. | by Emmy M. Gichinga. |
| 260 ## - PUBLICATION, DISTRIBUTION, ETC. (IMPRINT) | |
| Place of publication, distribution, etc. | Nairobi : |
| Name of publisher, distributor, etc. | GEM Counselling Services, |
| Date of publication, distribution, etc. | 2003. |
| 300 ## - PHYSICAL DESCRIPTION | |
| Extent | 119 p. ; |
| Dimensions | 22 cm. |
| 650 #0 - SUBJECT ADDED ENTRY--TOPICAL TERM | |
| Topical term or geographic name as entry element | Marriage counseling. |
| -- | 0000147976 |
| 852 1# - LOCATION | |
| -- | p350 KES |
| 908 ## - PUT COMMAND PARAMETER (RLIN) | |
| Put command parameter | 070430 |
| 950 ## - LOCAL HOLDINGS (RLIN) | |
| -- | 1 |
| Withdrawn status | Lost status | Source of classification or shelving scheme | Not for loan | Home library | Current library | Date acquired | Total Checkouts | Full call number | Barcode | Date last seen | Date last checked out | Price effective from | Koha item type | Total Renewals |
|---|---|---|---|---|---|---|---|---|---|---|---|---|---|---|
| Library of Congress Classification | Kabarak, Main Campus | Kabarak, Main Campus | 17/12/2015 | 1 | HQ10 .G53 2003 c. 1 | 007719 | 03/10/2022 | 28/06/2022 | 17/12/2015 | General Collection | 1 | |||
| Library of Congress Classification | Kabarak, Main Campus | Kabarak, Main Campus | 17/12/2015 | 3 | HQ10 .G53 2003 c. 3 | 014687 | 18/03/2021 | 01/03/2021 | 17/12/2015 | General Collection | 1 | |||
| Library of Congress Classification | Kabarak, Main Campus | Kabarak, Main Campus | 17/12/2015 | 3 | HQ10 .G53 2003 c. 2 | 007720 | 25/11/2025 | 22/10/2025 | 17/12/2015 | General Collection | 1 | |||
| Library of Congress Classification | Kabarak, Nakuru City Campus | Kabarak, Nakuru City Campus | 21/10/2015 | 1 | HQ10 .G53 2003 c.1 | 21920 | 15/10/2019 | 08/10/2019 | 21/10/2015 | General Collection |